00454 2200169 4500001002100000008004100021035002000062245006600082100001100148260002800159300002900187020002200216084001400238082000800252990001200260990001200272INLIS000000000001455 Ind  a0010-1024000008 aMusim Baru "Kisah Tragis Berganti dengan Kebahagiaan"cRoidah aRoidah aJakartabErlanggac2012 a122 hlm.c13,5 x 19,5 cm a978-979-099-973-2 a813 ROI m a813 a0753706 a0753707